01224nam a22001457a 4500999001900000008004100019100002400060245012200084260003300206300003400239520065600273773003300929942000700962952010900969 c533146d533146260427b ||||| |||| 00| 0 eng d aSen, Sunanda960259 aLegacies of Amiya Kumar Bagchi : On questioning the legitimacy of prevailing orthodoxy and its historical antecedents aEconomic & Political Weekly  a 61(7), Feb 14, 2026: p.37-41 aCan there be an alternative to the prevailing disruptions which the developing countries today are facing under subordination? The current pattern is linked to the ongoing political alliance between the respective ruling states and the dominating power—both of the global market as well as of finance. A change from the above regime requires instituting a welfare state with developmental goals and a people-oriented class composition of those in charge of administration. These changes are in line with what Amiya Kumar Bagchi had dreamt all his life. –Reproduced https://www.epw.in/journal/2026/7/perspectives/legacies-amiya-kumar-bagchi.html  aEconomic & Political Weekly  cAR 00102ddc40709408316aIIPAbIIPAd2026-04-27h 61(7), Feb 14, 2026: p.37-41pAR138656r2026-04-27yAR